• 首页
  • 本馆介绍
  • 公告通知
  • 最新文献
  • 馆藏检索
  • 电子资源
  • 读者导购
  • 参考咨询
  • 我的图书馆
  • 登录
  • 详细信息显示
  • 放入我的书架
  • 预约/预借图书
  • 作者相关作品
  • 分类相关作品
  • 丛书相关作品
  • 出版社相关作品

书目信息

  • 表格格式
  • 工作单格式
  • 卡片格式
题名:
羽毛球教学
    
 
作者: 乌尔里希·菲舍尔(博士)乌伟·沃尔夫 ;王悦 译
分册:  
出版信息: 北京   北京体育大学出版社  2006
页数: 219
开本: 26cm
丛书名:
单 册:
中图分类: G847.19
科图分类:
主题词: 球类运动
电子资源:
ISBN: 7-81100-220-5
000 00676nam0 2200193 450
001 0736480453
005 20070817100800.46
010    @a7-81100-220-5@d¥30.00
100    @a20070817d km y0chiy0120 ea
101 0  @achi
200 1  @a羽毛球教学@Ayu mao qiu jiao xue@f乌尔里希.菲舍尔(博士)乌伟.沃尔夫 @Fwu er li xi.fei she er(bo shi)wu wei.wo er fu@g王悦译@Gwang yue yi
210    @a北京@c北京体育大学出版社@d2006
215    @a219@d26cm
606 0  @a球类运动
690    @aG847.19@v3
701  0 @a乌尔里希·菲舍尔(博士)乌伟·沃尔夫@Awu er li xi·fei she er(bo shi)wu wei·wo er fu
702  0 @a王悦@Awang yue@4译
801  0 @aCN@bPFT@c20070817
905    @a213230@dG847.19@et22@f1
    
    羽毛球教学/乌尔里希.菲舍尔(博士)乌伟.沃尔夫 /王悦译.-北京:北京体育大学出版社,2006
    219;26cm
    
    
    ISBN 7-81100-220-5:¥30.00
    
●
相关链接 在E读中查询图书 在五车中查询图书 在当当中查询图书 在豆瓣中查询图书


正题名:羽毛球教学     索取号:G847.19/t22         预约/预借

序号 登录号 条形码 馆藏地/架位号 状态 备注
1 6903971   269039710   体育系资料室/ [索取号:G847.19/t22] 在馆    
2 6903972   269039729   密集书库-体育系/ [索取号:G847.19/t22] 在馆    
唐山师范学院图书馆 欢迎您!
大连网信软件有限公司© 版权所有